| 000 | 00720nam a22001937a 4500 | ||
|---|---|---|---|
| 003 | JO-AjAnu | ||
| 005 | 20240501125205.0 | ||
| 008 | 240501b jo ||||| |||| 00| 0 ara d | ||
| 020 | _a9798844284885 | ||
| 040 |
_aJO-AjAnu _beng _cJO-AjAnu _dJO-AjAnu _erda |
||
| 041 | 0 |
_aeng _heng |
|
| 050 |
_aSF523 _b2022 |
||
| 100 | 1 |
_aBaxter, Shawn _eauthor _965412 |
|
| 245 | 0 |
_aBEEKEEPING FOR BEGINNERS : _bThe New Complete Guide to Raise a Healthy and Thriving Beehive.How to Ues Top Bar Hives, Take Care of Your Colony and Harvest Honey Insider Tips on Working With Beeswax / _cShawn Baxter |
|
| 260 | _c2022 | ||
| 300 | _a90 page | ||
| 650 | 7 | 0 |
_aBEEKEEPING FOR BEGINNERS _vBEEKEEPING FOR BEGINNERS _965413 |
| 942 |
_2lcc _cBK _n0 |
||
| 999 |
_c33489 _d33489 |
||